Welcome to CU Library Online Public Access Catalogue (OPAC)

Marketing and entrepreneurship in SMEs : (Record no. 5704)

MARC details
000 -LEADER
fixed length control field 00614cam a2200193 a 4500
001 - CONTROL NUMBER
control field 2071051
005 - DATE AND TIME OF LATEST TRANSACTION
control field 20250508140430.0
008 - FIXED-LENGTH DATA ELEMENTS--GENERAL INFORMATION
fixed length control field 941107s1995 enka b 001 0 eng
020 ## - INTERNATIONAL STANDARD BOOK NUMBER
International Standard Book Number 0131509705
050 00 - LIBRARY OF CONGRESS CALL NUMBER
Classification number HF5415.13
Item number .M3447 1995
082 00 - DEWEY DECIMAL CLASSIFICATION NUMBER
Classification number 658.8
Edition information 20
245 00 - TITLE STATEMENT
Title Marketing and entrepreneurship in SMEs :
Remainder of title an innovative approach /
Statement of responsibility, etc. David Carson ... [et al.].
260 ## - PUBLICATION, DISTRIBUTION, ETC.
Place of publication, distribution, etc. London ;
-- New York :
Name of publisher, distributor, etc. Prentice Hall,
Date of publication, distribution, etc. c1995.
300 ## - PHYSICAL DESCRIPTION
Extent xvi, 296 p. :
Other physical details ill. ;
Dimensions 24 cm.
650 #0 - SUBJECT ADDED ENTRY--TOPICAL TERM
Topical term or geographic name entry element Marketing
General subdivision Management.
650 #0 - SUBJECT ADDED ENTRY--TOPICAL TERM
Topical term or geographic name entry element Small business
General subdivision Management.
700 1# - ADDED ENTRY--PERSONAL NAME
Personal name Carson, David,
Dates associated with a name 1947-
942 ## - ADDED ENTRY ELEMENTS (KOHA)
Source of classification or shelving scheme Library of Congress Classification
Koha item type Books
Suppress in OPAC No
999 ## -
-- 5704
-- 5704
Holdings
Withdrawn status Lost status Source of classification or shelving scheme Damaged status Not for loan Collection Home library Current library Shelving location Date acquired Total checkouts Full call number Barcode Date last seen Copy number Price effective from Koha item type
    Library of Congress Classification     Non-fiction Undergraduate Library (Christ Temple) Undergraduate Library (Christ Temple) General stacks 05/08/2025   HF5415.13 MAR ulct00002298 05/08/2025 1 05/08/2025 Books
© 2023-2024 Copyright: Central University Libraries. All Rights Reserved | Created by: Mahone Tech Office